000
00217 a2200097 4500
001
36390
100
_a
Tetley, L
245
_a
Electronic aids to navigation
260
_a
Londo
_b
Edward Arno
_c
090
_c
23587
_d
23587
942
_a
NUST-CAE
_c
M
_c
15099
999
_c
271463
_d
271463